1744 1949 1254 1499 1266 1395 1689 1766 1133 1367 1999 1974 1801 1813 1064 1442 1123 1900 1104 1847 1581 1982 1846 1882 1655 1468 1275 1418 1958 1773 1678 1830 1605 1179 1128 1080 1268 1980 1810 1094 1109 1118 1003 1460 1768 1983 1447 1247 1543 1762 1452 1381 1904 1836 1220 1178 1492 1715 1834 1455 1407 1046 1251 1906 1720 1465 1509 1894 1205 1126 1659 1757 1602 1646 1646 1036 1539 1907 1377 1584 1479 1269 1896 1400 1893 1527 1832 1703 1756 1869 1449 1455 1989 1779 1174 1463 1412 1641 1896 BCNSPRNW ULIB Ver.6.0+V

เปลี่ยนเป็นภาษาไทย

Change to English
 แสดงรายละเอียดบรรณานุกรม
  กลับหน้าหลัก

Brief Record : Get Marc (ISO 2709) : E-mail record : QR code < ปิดหน้าต่าง
LEADER : 00000nam 2200000uu 4500
001    13399124122
003     ULIB
008    150119s2555||||th 000 0 tha d
020    ^a9786163211651
060 04 ^aQT100^bร326ส
100 0  ^aรัชฎา แก่นสาร์
245 10 ^aสรีรวิทยา 1 /^cรัชฎา แก่นสาร์
250    ^aพิมพ์ครั้งที่ 1
260    ^aนนทบุรี :^bโครงการสวัสดิการวิชาการ สถาบันพระบรมราชชนก.^c2555
300    ^a406หน้า :^bภาพประกอบ ;^c26 ซม.
500    ^aSend to Single Search
650  2 ^aPhysiology
650  4 ^aสรีรวิทยา
710  2 ^aกระทรวงสาธารณสุข.^bสถาบันพระบรมมราชชนก.
945    ^p320^l0^i038374
945    ^p320^l0^i038375
945    ^p320^l0^i038376
945    ^p320^l0^i038377
945    ^p320^l0^i038378
999    ^aเกษร โพธิ์สุวรรณ
รายการนี้ยังไม่มีแท็ก
คุณยังไม่ได้ล็อกอิน คุณสามารถมีกิจกรรมร่วมกับเว็บไซต์ได้ แต่ต้องล็อกอินก่อน ::
  ล็อกอิน

รายการสื่อสารสนเทศ

ลำดับที่ ประเภท เลขเรียก/บาร์โค้ด สถานที่ สถานะ
1. วิทยาศาสตร์การแพทย์ และสุขภาพ
หนังสือสำรอง
สถานะ=หนังสือสำรอง
QT100 ร326ส ฉ.1 
  Barcode: 038374
ห้องสมุดวิทยาเขตสวรรค์ประชารักษ์
►ส่วนจัดเก็บหนังสือเก่า สปร
บนชั้น
  ขอยืม
2. วิทยาศาสตร์การแพทย์ และสุขภาพ
วิทยาศาสตร์การแพทย์ และสุขภาพ
QT100 ร326ส ฉ.2 
  Barcode: 038375
ห้องสมุดวิทยาเขตสวรรค์ประชารักษ์
►ส่วนจัดเก็บหนังสือเก่า สปร
บนชั้น
  ขอยืม
3. วิทยาศาสตร์การแพทย์ และสุขภาพ
วิทยาศาสตร์การแพทย์ และสุขภาพ
QT100 ร326ส ฉ.3 
  Barcode: 038376
ห้องสมุดวิทยาเขตสวรรค์ประชารักษ์
►ส่วนจัดเก็บหนังสือเก่า สปร
บนชั้น
  ขอยืม
4. วิทยาศาสตร์การแพทย์ และสุขภาพ
วิทยาศาสตร์การแพทย์ และสุขภาพ
QT100 ร326ส ฉ.4 
  Barcode: 038377
ห้องสมุดวิทยาเขตสวรรค์ประชารักษ์
►ส่วนจัดเก็บหนังสือเก่า สปร
บนชั้น
  ขอยืม
5. วิทยาศาสตร์การแพทย์ และสุขภาพ
วิทยาศาสตร์การแพทย์ และสุขภาพ
QT100 ร326ส ฉ.5 
  Barcode: 038378
ห้องสมุดวิทยาเขตสวรรค์ประชารักษ์
►ส่วนจัดเก็บหนังสือเก่า สปร
บนชั้น
  ขอยืม

รายการใกล้เคียง
    ผู้แต่ง [รัชฎา แก่นสาร์]

    หัวเรื่อง [Physiology]
    หัวเรื่อง [สรีรวิทยา]

BibComment


ยังไม่เคยถูกคอมเมนท์

คอมเมนท์ทรัพยากรรายการนี้
  คอมเมนท์: สรีรวิทยา 1 รัช..


 Copyright 2026. Bcnsprnw @Library